000 00331nam a2200133Ia 4500
008 090124s9999 xx 000 0 und d
082 _b200612
245 _aTHE STORY OF OUR RIVERS
250 _a0
260 _bMAJUMDAR LILA
_c1970
630 _aTHE STORY OF OUR RIVERS
730 _aTHE STORY OF OUR RIVERS
942 _cBOOK
999 _c182180
_d182180